[Event "Leitao Academia Online op"]
[Site "Chess.com INT"]
[Date "2020.05.13"]
[Round "5"]
[White "Fier, Luciano dos Santos"]
[Black "Dias, Henrique Jose Harms"]
[Result "0-1"]
[WhiteElo "1648"]
[BlackElo "1500"]
[PlyCount "72"]
[EventDate "2020.04.11"]
[EventType "swiss (rapid)"]
[EventRounds "6"]
[EventCountry "BRA"]
[SourceTitle "EXT 2021"]
[Source "ChessBase"]
[SourceDate "2020.10.23"]
[SourceVersion "1"]
[SourceVersionDate "2020.10.23"]
[SourceQuality "1"]

1. d4 d5 2. c4 e6 3. Nc3 Nf6 4. cxd5 exd5 5. Bg5 Be7 6. e3 0-0 7. Bd3 h6 8. Bf4 b6 9. Nge2 Ba6 10. 0-0 c5 11. Bxa6 Nxa6 12. Qa4 Nb4 13. Rfd1 a6 14. Rd2 b5 15. Qd1 c4 16. Nc1 Ne4 17. Nxe4 dxe4 18. f3 f5 19. a3 Nd3 20. Nxd3 exd3 21. Rc1 g5 22. Be5 Bd6 23. f4 Bxe5 24. fxe5 f4 25. exf4 Qxd4+ 26. Kh1 Rxf4 27. Qh5 Kh7 28. Re1 Qxe5 29. Qd1 Raf8 30. g3 Qd5+ 31. Kg1 Qd4+ 32. Kh1 Rf2 33. Re7+ Kh8 34. Rxf2 Qxf2 35. Qc1 d2 36. Qc3+ Qf6 0-1

[Event "Leitao Academia Online op"]
[Site "Chess.com INT"]
[Date "2020.04.18"]
[Round "2"]
[White "Pacheco, Helcio Alexandre"]
[Black "Fier, Luciano dos Santos"]
[Result "1-0"]
[WhiteElo "2241"]
[BlackElo "1648"]
[PlyCount "61"]
[EventDate "2020.04.11"]
[EventType "swiss (rapid)"]
[EventRounds "6"]
[EventCountry "BRA"]
[SourceTitle "EXT 2021"]
[Source "ChessBase"]
[SourceDate "2020.10.23"]
[SourceVersion "1"]
[SourceVersionDate "2020.10.23"]
[SourceQuality "1"]

1. d4 d5 2. c4 c6 3. cxd5 cxd5 4. Bf4 Nc6 5. e3 Nf6 6. Nc3 a6 7. Bd3 Bg4 8. Nge2 e6 9. 0-0 Be7 10. Qd2 0-0 11. Ng3 Bh5 12. Rfc1 Bg6 13. Bf1 Rc8 14. Na4 a5 15. a3 Nd7 16. Ne2 f6 17. Bg3 Bf7 18. Nac3 Nb6 19. b3 e5 20. Nb5 Qd7 21. Nec3 Rfd8 22. Be2 Bf8 23. Bf3 Bg6 24. Rd1 e4 25. Be2 Ne7 26. Nd6 Ra8 27. Rdc1 Nf5 28. Nxf5 Bxf5 29. Nb5 Rac8 30. Qxa5 Qe6 31. Nc7 1-0

[Event "BRA-ch Amateur U2000"]
[Site "Sao Paulo"]
[Date "2018.06.01"]
[Round "3"]
[White "Valente, Rodrigo de Deus"]
[Black "Fier, Luciano dos Santos"]
[Result "0-1"]
[WhiteElo "1948"]
[BlackElo "1906"]
[PlyCount "62"]
[EventDate "2018.05.31"]
[EventType "swiss"]
[EventRounds "7"]
[EventCountry "BRA"]
[SourceTitle "EXT 2021"]
[Source "ChessBase"]
[SourceDate "2020.10.23"]
[SourceVersion "1"]
[SourceVersionDate "2020.10.23"]
[SourceQuality "1"]

1. c4 c6 2. b3 d5 3. e3 Bf5 4. Nf3 Nd7 5. Bb2 e6 6. Be2 Ngf6 7. 0-0 Bd6 8. Nc3 0-0 9. d4 Qe7 10. h3 h6 11. Bd3 Ne4 12. Qc2 Ndf6 13. Ne5 Rac8 14. Ne2 Bb8 15. f3 Nd6 16. Ba3 Bxd3 17. Qxd3 Qc7 18. Ng3 Rfd8 19. Rfd1 Qa5 20. Bxd6 Bxd6 21. Nf1 Bxe5 22. dxe5 dxc4 23. Qxc4 Qxe5 24. e4 Nh5 25. Rac1 Nf4 26. Rxd8+ Rxd8 27. Qc5 Qb8 28. Rc2 a6 29. Rd2 Rxd2 30. Nxd2 Qd8 31. Qe3 Qg5 0-1

[Event "BRA-ch Seniors 50+"]
[Site "Curitiba"]
[Date "2016.12.11"]
[Round "7"]
[White "Fier, Luciano dos Santos"]
[Black "Chaves, Jorge Antonio Torre"]
[Result "1-0"]
[WhiteElo "1931"]
[BlackElo "1972"]
[PlyCount "113"]
[EventDate "2016.12.08"]
[EventType "swiss"]
[EventRounds "7"]
[EventCountry "BRA"]
[SourceTitle "EXT 2018"]
[Source "ChessBase"]
[SourceDate "2017.10.13"]
[SourceVersion "1"]
[SourceVersionDate "2017.10.13"]
[SourceQuality "1"]

1. d4 Nf6 2. Nf3 d6 3. g3 Nbd7 4. Bg2 e5 5. Nc3 Be7 6. e4 0-0 7. 0-0 c6 8. b3 Re8 9. Bb2 Qc7 10. Qd2 a6 11. a4 Nf8 12. a5 Ng6 13. Rfe1 Bf8 14. Na4 Bd7 15. Nb6 Rad8 16. c4 Bg4 17. h3 Bc8 18. Nh2 c5 19. dxc5 dxc5 20. Nd5 Nxd5 21. cxd5 Bd6 22. Rac1 Qe7 23. Nf1 Bd7 24. Ne3 Rc8 25. Nc4 Bb5 26. Nxd6 Qxd6 27. Ba3 b6 28. Rc2 Rc7 29. axb6 Qxb6 30. Rec1 Bd7 31. b4 c4 32. Rxc4 Rxc4 33. Rxc4 Bb5 34. Rc5 Nf8 35. Qc3 f6 36. Bc1 h5 37. Be3 Qd6 38. Bf1 Bxf1 39. Kxf1 Qd7 40. Kg2 Qa4 41. Ra5 Qd1 42. Ra1 Qe2 43. Re1 Qa2 44. Bd2 Rc8 45. Qxc8 Qxd2 46. Re3 Qxb4 47. Qxa6 Kh7 48. Qe2 g6 49. Qf3 Qd6 50. Rc3 Nd7 51. Rc6 Qe7 52. Rc7 Kg7 53. Qc3 Kh6 54. h4 Qd8 55. Qc1+ g5 56. hxg5+ Kg6 57. Qc6 1-0

[Event "Pan American Amateur-ch"]
[Site "Curitiba"]
[Date "2015.12.20"]
[Round "8"]
[White "Fier, Luciano dos Santos"]
[Black "Silva, Janderson Rossi Da"]
[Result "1-0"]
[WhiteElo "1909"]
[BlackElo "1847"]
[PlyCount "51"]
[EventDate "2015.12.16"]
[EventType "swiss"]
[EventRounds "9"]
[EventCountry "BRA"]
[SourceTitle "CBM 170 Extra"]
[Source "ChessBase"]
[SourceDate "2016.02.25"]
[SourceVersion "1"]
[SourceVersionDate "2016.02.25"]
[SourceQuality "1"]

1. Nf3 Nf6 2. c4 g6 3. b4 Bg7 4. Bb2 0-0 5. g3 d5 6. cxd5 Nxd5 7. Bxg7 Kxg7 8. Qb3 Nc6 9. a3 e5 10. d3 Be6 11. Qb2 f6 12. Nbd2 Qd7 13. Bg2 Rad8 14. 0-0 Nce7 15. Nb3 b6 16. Rad1 c6 17. e4 Nc7 18. d4 Bxb3 19. Qxb3 exd4 20. Nxd4 Qe8 21. Rfe1 Qf7 22. Qc3 Nb5 23. Nxb5 cxb5 24. e5 Rc8 25. exf6+ Qxf6 26. Rxe7+ 1-0

[Event "Pan American Amateur-ch"]
[Site "Curitiba"]
[Date "2015.12.18"]
[Round "5"]
[White "Da Silva, Joao Carlos Orguim"]
[Black "Fier, Luciano dos Santos"]
[Result "1/2-1/2"]
[WhiteElo "1820"]
[BlackElo "1909"]
[PlyCount "76"]
[EventDate "2015.12.16"]
[EventType "swiss"]
[EventRounds "9"]
[EventCountry "BRA"]
[SourceTitle "CBM 170 Extra"]
[Source "ChessBase"]
[SourceDate "2016.02.25"]
[SourceVersion "1"]
[SourceVersionDate "2016.02.25"]
[SourceQuality "1"]

1. Nf3 d5 2. c4 c6 3. b3 Bf5 4. Bb2 Nd7 5. g3 Ngf6 6. Bg2 e6 7. 0-0 h6 8. d3 Be7 9. Nbd2 0-0 10. Qc2 Re8 11. Rfe1 Qb6 12. h3 Bf8 13. e4 dxe4 14. dxe4 Bg6 15. Ne5 Nxe5 16. Bxe5 Nd7 17. Bc3 Bb4 18. Bxb4 Qxb4 19. a3 Qb6 20. b4 c5 21. b5 a6 22. a4 axb5 23. axb5 e5 24. Nb3 Rad8 25. Rad1 f6 26. Rd2 Nf8 27. Red1 Ne6 28. Rxd8 Rxd8 29. Rxd8+ Qxd8 30. Qd2 b6 31. Qxd8+ Nxd8 32. f3 Ne6 33. Kf2 Bf7 34. Bf1 Kf8 35. Nd2 Ke7 36. h4 Kd6 37. Be2 Nd4 38. Bd3 Be6 1/2-1/2

[Event "Pan American Amateur-ch"]
[Site "Curitiba"]
[Date "2015.12.17"]
[Round "4"]
[White "Fier, Luciano dos Santos"]
[Black "Costa, Edvaldo da Cruz"]
[Result "1-0"]
[WhiteElo "1909"]
[BlackElo "1731"]
[PlyCount "73"]
[EventDate "2015.12.16"]
[EventType "swiss"]
[EventRounds "9"]
[EventCountry "BRA"]
[SourceTitle "CBM 170 Extra"]
[Source "ChessBase"]
[SourceDate "2016.02.25"]
[SourceVersion "1"]
[SourceVersionDate "2016.02.25"]
[SourceQuality "1"]

1. d4 e6 2. Nf3 Nf6 3. Bg5 d5 4. c4 Bb4+ 5. Nbd2 c6 6. cxd5 exd5 7. a3 Ba5 8. b4 Bc7 9. e3 Bg4 10. Bd3 Nbd7 11. Qc2 h6 12. Bh4 Qe7 13. 0-0 g5 14. Bg3 Bxg3 15. hxg3 Bxf3 16. gxf3 h5 17. e4 dxe4 18. Nxe4 Nxe4 19. Bxe4 Qd6 20. Kg2 0-0-0 21. b5 c5 22. dxc5 Qxc5 23. Qb3 Qe7 24. Rfe1 Qf6 25. Qd5 Qb6 26. Qxg5 h4 27. Qf4 h3+ 28. Kh1 Rde8 29. Rac1+ Kd8 30. Rc2 Qxb5 31. Qc7+ Ke7 32. Bd3+ Kf6 33. Bxb5 Rxe1+ 34. Kh2 Ne5 35. Qd6+ Kg7 36. Be2 Rh6 37. Qxe5+ 1-0

[Event "Matinhos Caioba op"]
[Site "Matinhos"]
[Date "2015.08.14"]
[Round "2"]
[White "Fier, Luciano dos Santos"]
[Black "Sztokbant, Bernardo Vainzoff"]
[Result "0-1"]
[WhiteElo "1903"]
[BlackElo "2244"]
[PlyCount "174"]
[EventDate "2015.08.14"]
[EventType "swiss"]
[EventRounds "6"]
[EventCountry "BRA"]
[SourceTitle "EXT 2016"]
[Source "ChessBase"]
[SourceDate "2015.10.08"]
[SourceVersion "1"]
[SourceVersionDate "2015.10.08"]
[SourceQuality "1"]

1. d4 f5 2. Nf3 Nf6 3. Bg5 e6 4. e3 b6 5. Bd3 Bb7 6. Nbd2 Be7 7. Qe2 Ne4 8. Bxe7 Qxe7 9. 0-0 0-0 10. Ne5 d6 11. Nec4 Nd7 12. f3 Nxd2 13. Nxd2 e5 14. Rae1 Rae8 15. e4 exd4 16. Qf2 Qf6 17. exf5 Nc5 18. Ne4 Qxf5 19. Qxd4 Nxd3 20. Qxd3 d5 21. Nf2 Qxd3 22. Nxd3 Ba6 23. Rxe8 Rxe8 24. Re1 Rxe1+ 25. Nxe1 Kf7 26. Kf2 Ke6 27. Ke3 g5 28. g3 c5 29. c3 Kf5 30. Nc2 Bc4 31. a3 Bb3 32. Ne1 Bc4 33. Nc2 Bb5 34. Ne1 Ba4 35. Nd3 Bc2 36. Ne1 Bb1 37. Ng2 Ke5 38. f4+ gxf4+ 39. Nxf4 d4+ 40. cxd4+ cxd4+ 41. Kf3 Be4+ 42. Ke2 Bb7 43. Nd3+ Kf5 44. Nf4 Ke5 45. Nh5 Ba6+ 46. Kd2 Kf5 47. Nf4 Ke4 48. Nh5 h6 49. Nf6+ Kf5 50. Nd5 Kg4 51. Nf4 Kf3 52. Ne6 Ke4 53. Nf4 Bc8 54. Nd3 Kf3 55. Ne5+ Kg2 56. g4 Kxh2 57. g5 hxg5 58. Nf3+ Kg3 59. Nxg5 Kf4 60. Nf7 Be6 61. Nd6 Ke5 62. Nb5 a6 63. Nc7 Bc4 64. b3 Bf1 65. Ke1 Bd3 66. Kd2 Bf1 67. Ke1 Bb5 68. a4 Bd3 69. Kd2 Bf1 70. Ke1 Kd6 71. Ne8+ Kc5 72. Kxf1 Kb4 73. Ke2 Kxb3 74. Kd3 Kxa4 75. Kxd4 Kb3 76. Nc7 a5 77. Nb5 Kb4 78. Nc3 a4 79. Na2+ Kb3 80. Nc1+ Kc2 81. Na2 Kb2 82. Nc3 Kb3 83. Nb5 a3 84. Nc3 b5 85. Ne2 Kb2 86. Nc3 b4 87. Na4+ Kc2 0-1